175 años de la sidero-metalúrgica asturiana (Record no. 21316)

MARC details
000 -LEADER
campo de control de longitud fija 00766nam a2200205 i 4500
001 - NÚMERO DE CONTROL
campo de control 21316
003 - IDENTIFICADOR DE NÚMERO DE CONTROL
campo de control ES-MaACL
005 - FECHA Y HORA DE LA ÚLTIMA TRANSACCIÓN
campo de control 20250819063028.0
007 - CAMPO FIJO DE DESCRIPCIÓN FÍSICA--INFORMACIÓN GENERAL
campo de control de longitud fija t|
008 - DATOS DE LONGITUD FIJA--INFORMACIÓN GENERAL
campo de control de longitud fija 021122s1968 sp ||||1| spa d
100 1# - ENTRADA PRINCIPAL--NOMBRE DE PERSONA
Nombre de persona Adaro Ruiz, Luis,
Fechas asociadas al nombre 1914-2006
9 (RLIN) 18414
245 10 - MENCIÓN DEL TÍTULO
Título 175 años de la sidero-metalúrgica asturiana
Resto del título : las ferias de muestra de Asturias /
Mención de responsabilidad, etc. Luis Adaro Ruíz-Falcó.
260 ## - PUBLICACIÓN, DISTRIBUCIÓN, ETC.
Lugar de publicación, distribución, etc. Gijón :
Nombre del editor, distribuidor, etc. Cámara Oficial de Comercio, Industria y Navegación,
Fecha de publicación, distribución, etc. 1968.
300 ## - DESCRIPCIÓN FÍSICA
Extensión 392 p., [33] h. de lám. ;
Dimensiones 23 cm.
500 ## - NOTA GENERAL
Nota general De la 21 a la 28 son hojas pleg.
650 #4 - PUNTO DE ACCESO ADICIONAL DE MATERIA--TÉRMINO DE MATERIA
Término de materia o nombre geográfico como elemento de entrada Industria siderúrgica-
Subdivisión geográfica Asturias (Comunidad Autónoma)
9 (RLIN) 169768
650 #4 - PUNTO DE ACCESO ADICIONAL DE MATERIA--TÉRMINO DE MATERIA
Término de materia o nombre geográfico como elemento de entrada Ferias-
Subdivisión geográfica Gijón.
9 (RLIN) 169769
852 ## - LOCALIZACIÓN
Ubicación ES-MaACL
Número de control de estantería P-1388
Sublocalización o colección R.67895
Holdings
Estatus retirado Estado de pérdida Estado de daño No para préstamo Biblioteca de origen Biblioteca actual Ubicación en estantería Fecha de adquisición Fuente de adquisición Total de préstamos Signatura topográfica completa Código de barras Visto por última vez Precio de reemplazo Tipo de ítem Koha
        Biblioteca del Ateneo de Madrid Biblioteca del Ateneo de Madrid Depósito 2 17/01/2008     P-1388 1021901 23/02/2023 23/02/2023 Libro impreso